Statistics for You've Lost That Lovin' Feelin' Lyrics

Click here to take the quiz!

General Stats

  • This quiz has been taken 23 times
  • The average score is 38 of 53

Answer Stats

Lyrics% Correct
You
100%
And
82%
your
82%
your
82%
close
76%
eyes
76%
feelin'
76%
feelin'
76%
I
76%
kiss
76%
lips
76%
lost
76%
lost
76%
lovin'
76%
lovin'
76%
never
76%
no
76%
tenderness
76%
that
76%
that
76%
there's
76%
when
76%
your
76%
You've
76%
You've
76%
anymore
71%
baby,
71%
But
71%
feelin'
71%
fingertips
71%
gone...
71%
gone...
71%
gone...
71%
I
71%
in
71%
it's
71%
lovin'
71%
Now
71%
that
71%
Whoa,
71%
woahhh
71%
baby
65%
before
65%
know
65%
like
65%
You're
65%
hard
59%
it
59%
it, (baby)
59%
trying
59%
not
53%
show
53%
to
53%

Score Distribution

Percentile by Number Answered

Percent of People with Each Score

Your Score History

You have not taken this quiz